| 000 | 01092nmm a2200277 a 4500 | ||
|---|---|---|---|
| 001 | ocm000551661 | ||
| 003 | TR-IsHL | ||
| 005 | 20201028122047.0 | ||
| 008 | 110704s2004 tu tur | ||
| 007 | cr cn | ||
| 020 | _a9789758729258 | ||
| 035 |
_a551661 _b(N$T) |
||
| 050 | 0 | 4 |
_aPN56.L6 _bS48 2004 |
| 090 | 0 | 4 |
_aPN56.L6 _bS48 2004 |
| 245 | 1 | 0 |
_aSevgi sözcükleri: yürekten alıntılar _h[electronic resource] / _cderl. Gil Friedman ; çev. Aslı Köseoğlu |
| 250 | _a1. bs. | ||
| 260 |
_aİstanbul : _bDharma Yayıncılık, _c2004 |
||
| 300 | _a246 p. | ||
| 650 | 4 | _aDil ve Edebiyat | |
| 650 | 4 | _aLanguage and Literature | |
| 650 | 0 | _aAşk, edebiyatta | |
| 650 | 0 | _aLove, literature | |
| 650 | 7 |
_aLITERARY COLLECTIONS / General _2bisacsh |
|
| 700 | 1 | _aFriedman, Gil Köseoğlu, Aslı | |
| 856 | 4 | 0 | _uhttp://search.ebscohost.com/login.aspx?direct=true&scope=site&db=e011xww&AN=551661 |
| 999 |
_c1665 _d1665 |
||